Flood insurance study. City of Weiner, Arkansas, Poinsett County.

Bibliographic Details
Format: Government Document Microform Book
Language:English
Published: [Washington, D.C.] : Federal Emergency Management Agency, [1995]
Edition:Revised August 6, 1995.
Subjects:
Online Access:Available online at HathiTrust:

MARC

Tag First Indicator Second Indicator Subfields
LEADER 00000cam a2200000Ii 4500
001 in00002198713
005 20181204113114.0
007 he bmb024bbca
008 001122s1995 dcuaf bb f000 0 eng d
035 |a (OCoLC)ocm45416476 
040 |a EEX  |b eng  |e rda  |c EEX  |d OCLCQ  |d GPO  |d OCLCA  |d OCLCF  |d OCLCQ  |d TXA 
035 |a (OCoLC)45416476 
043 |a n-us-ar 
050 4 |a GB1399.2 
074 |a 0594-C-04 (MF) 
086 0 |a FEM 1.209/4:050373 
049 |a TXAM 
245 0 0 |a Flood insurance study.  |p City of Weiner, Arkansas, Poinsett County. 
246 3 0 |a City of Weiner, Arkansas, Poinsett County 
250 |a Revised August 6, 1995. 
264 1 |a [Washington, D.C.] :  |b Federal Emergency Management Agency,  |c [1995] 
300 |a ii, 10 pages, 2 folded leaves of plates :  |b illustrations ;  |c 28 cm 
336 |a text  |b txt  |2 rdacontent 
337 |a microform  |b h  |2 rdamedia 
338 |a microfiche  |b he  |2 rdacarrier 
500 |a Title from cover. 
500 |a Location map on cover. 
500 |a "Community number - 050373." 
504 |a Includes bibliographical references (page 10). 
533 |a Microfiche.  |b [Washington, D.C.] :  |c United States Government Printing Office,  |d [1996?].  |e 1 microfiche : negative. 
650 0 |a Flood forecasting  |z Arkansas  |z Poinsett County. 
650 0 |a Flood forecasting  |z Arkansas  |z Weiner. 
650 0 |a Flood insurance  |z Arkansas  |z Poinsett County. 
650 0 |a Flood insurance  |z Arkansas  |z Weiner. 
650 7 |a Flood insurance.  |2 fast  |0 (OCoLC)fst01715819 
651 0 |a Poinsett County (Ark.) 
651 0 |a Weiner (Ark.) 
651 7 |a Arkansas  |z Poinsett County.  |2 fast  |0 (OCoLC)fst01216902 
655 7 |a Technical reports.  |2 lcgft 
710 1 |a United States.  |b Federal Emergency Management Agency,  |e issuing body. 
776 0 8 |i Print version:  |t Flood insurance study. City of Weiner, Arkansas, Poinsett County 
856 4 1 |z Available online at HathiTrust:  |u http://hdl.handle.net/2027/txa.ark:/81423/m3vb5t  |t 0 
949 |a updated  |b h  |c 2018/12/4  |e spoltoratski  |f 11:31:10 am 
994 |a C0  |b TXA 
999 f f |s b60bf0bb-d849-3d80-8b96-516baab782ac  |i 92fde4fc-7759-3218-b792-095e20251e6a  |t 0 
952 f f |a Texas A&M University  |b College Station  |c Electronic Resources  |d Available Online  |t 0  |e FEM 1.209/4:050373  |g Electronic  |h Superintendent of Documents classification 
998 f f |a FEM 1.209/4:050373  |t 0  |l Available Online